American countries - Statistics

General Stats
  • This quiz has been taken 511 times
  • The average score is 29 of 39
Answers on the Map
Answers color-coded by a green-red scale on the quiz's map according to % correct below.
 
Answer Stats
Kontynent Państwo % Correct
North America Canada
99%
North America United States of America
99%
North America Mexico
98%
South America Brazil
97%
South America Argentina
95%
South America Chile
94%
North America Cuba
89%
North America Panama
89%
South America Venezuela
88%
South America Bolivia
87%
South America Colombia
87%
South America Peru
87%
South America Uruguay
86%
South America Paraguay
85%
South America Ecuador
82%
North America Dominica
81%
North America Haiti
81%
North America Jamaica
79%
North America El Salvador
78%
North America Costa Rica
77%
North America Dominican Republic
76%
South America Guyana
76%
North America Honduras
75%
North America Nicaragua
74%
North America Guatemala
73%
North America Belize
72%
South America Suriname
72%
North America Bahamas
70%
North America Barbados
64%
North America Denmark
54%
North America Saint Lucia
52%
North America Antigua and Barbuda
51%
North America Saint Kitts and Nevis
49%
North America Trinidad and Tobago
49%
North America/South America France
47%
North America Saint Vincent and the Grenadines
44%
North America Grenada
40%
North America/South America United Kingdom
34%
North America Netherlands
20%
No matching quizzes found
Score Distribution
Percent of People with Each Score
Percentile by Number Answered
Your Score History
You have not taken this quiz